<?xml version="1.0" encoding="UTF-8"?>
<record
    xmlns:xsi="http://www.w3.org/2001/XMLSchema-instance"
    xsi:schemaLocation="http://www.loc.gov/MARC21/slim http://www.loc.gov/standards/marcxml/schema/MARC21slim.xsd"
    xmlns="http://www.loc.gov/MARC21/slim">

  <leader>01124cam a2200301 ib4500</leader>
  <controlfield tag="001">2460796</controlfield>
  <controlfield tag="003">YEEZEN</controlfield>
  <controlfield tag="005">20250724150224.0</controlfield>
  <controlfield tag="008">241017s2024    ch ad  g      000 0 chi d</controlfield>
  <datafield tag="020" ind1=" " ind2=" ">
    <subfield code="a">9786267401941</subfield>
    <subfield code="q">(&#x5E73;&#x88DD;) :</subfield>
    <subfield code="c">NT$680</subfield>
  </datafield>
  <datafield tag="040" ind1=" " ind2=" ">
    <subfield code="a">TCPL</subfield>
    <subfield code="b">chi</subfield>
    <subfield code="c">TCPL</subfield>
    <subfield code="d">TCPL</subfield>
    <subfield code="e">ccr</subfield>
  </datafield>
  <datafield tag="042" ind1=" " ind2=" ">
    <subfield code="a">nbic</subfield>
  </datafield>
  <datafield tag="084" ind1=" " ind2=" ">
    <subfield code="a">418.995</subfield>
    <subfield code="2">ncsclt</subfield>
  </datafield>
  <datafield tag="090" ind1=" " ind2=" ">
    <subfield code="a">418.995</subfield>
  </datafield>
  <datafield tag="100" ind1="1" ind2=" ">
    <subfield code="a">&#x674E;&#x6DF3;&#x5EC9;</subfield>
  </datafield>
  <datafield tag="245" ind1="1" ind2="0">
    <subfield code="a">&#x4E2D;&#x91AB;&#x82B3;&#x7642;&#x61C9;&#x7528;&#x5168;&#x66F8; :</subfield>
    <subfield code="b">&#x96F6;&#x57FA;&#x790E;&#x4E00;&#x6B21;&#x5F04;&#x61C2;&#x7D93;&#x7D61;&#x3001;&#x9670;&#x967D;&#x3001;&#x4E94;&#x884C;!92&#x7A2E;&#x7CBE;&#x6CB9; x 2&#x6B3E;&#x6309;&#x6469;&#x6CD5;, &#x9806;&#x61C9;&#x56DB;&#x5B63;&#x3001;&#x7537;&#x5973;&#x3001;&#x4EBA;&#x9AD4;&#x6CD5;&#x5247;&#x7684;&#x82B3;&#x7642;&#x4E8B;&#x5178;! /</subfield>
    <subfield code="c">&#x674E;&#x6DF3;&#x5EC9;&#x8457;</subfield>
  </datafield>
  <datafield tag="246" ind1="3" ind2="0">
    <subfield code="a">&#x96F6;&#x57FA;&#x790E;&#x4E00;&#x6B21;&#x5F04;&#x61C2;&#x7D93;&#x7D61;&#x3001;&#x9670;&#x967D;&#x3001;&#x4E94;&#x884C;!92&#x7A2E;&#x7CBE;&#x6CB9; x 2&#x6B3E;&#x6309;&#x6469;&#x6CD5;, &#x9806;&#x61C9;&#x56DB;&#x5B63;&#x3001;&#x7537;&#x5973;&#x3001;&#x4EBA;&#x9AD4;&#x6CD5;&#x5247;&#x7684;&#x82B3;&#x7642;&#x4E8B;&#x5178;!</subfield>
  </datafield>
  <datafield tag="250" ind1=" " ind2=" ">
    <subfield code="a">&#x4E8C;&#x7248;</subfield>
  </datafield>
  <datafield tag="260" ind1=" " ind2=" ">
    <subfield code="a">&#x81FA;&#x5317;&#x5E02; :</subfield>
    <subfield code="b">&#x9EA5;&#x6D69;&#x65AF;&#x51FA;&#x7248; :</subfield>
    <subfield code="b">&#x5BB6;&#x5EAD;&#x50B3;&#x5A92;&#x57CE;&#x90A6;&#x5206;&#x516C;&#x53F8;&#x767C;&#x884C;,</subfield>
    <subfield code="c">2024.08</subfield>
  </datafield>
  <datafield tag="300" ind1=" " ind2=" ">
    <subfield code="a">429&#x9762; :</subfield>
    <subfield code="b">&#x5F69;&#x5716;, &#x8868; ;</subfield>
    <subfield code="c">23&#x516C;&#x5206;</subfield>
  </datafield>
  <datafield tag="490" ind1="1" ind2=" ">
    <subfield code="a">&#x505A;&#x81EA;&#x5DF1;&#x7684;&#x82B3;&#x7642;&#x5E2B; ;</subfield>
    <subfield code="v">2.</subfield>
  </datafield>
  <datafield tag="500" ind1=" " ind2=" ">
    <subfield code="a">2024&#x66A2;&#x92B7;&#x6539;&#x7248;</subfield>
  </datafield>
  <datafield tag="650" ind1=" " ind2="7">
    <subfield code="a">&#x82B3;&#x9999;&#x7642;&#x6CD5;</subfield>
    <subfield code="2">lcstt.</subfield>
  </datafield>
  <datafield tag="650" ind1=" " ind2="7">
    <subfield code="a">&#x7D93;&#x7D61;&#x7642;&#x6CD5;</subfield>
    <subfield code="2">lcstt.</subfield>
  </datafield>
  <datafield tag="650" ind1=" " ind2="7">
    <subfield code="2">lcstt</subfield>
    <subfield code="a">&#x4E2D;&#x91AB;&#x7406;&#x8AD6;</subfield>
  </datafield>
  <datafield tag="830" ind1=" " ind2="0">
    <subfield code="a">&#x505A;&#x81EA;&#x5DF1;&#x7684;&#x82B3;&#x7642;&#x5E2B; ;</subfield>
    <subfield code="v">2.</subfield>
  </datafield>
  <datafield tag="942" ind1=" " ind2=" ">
    <subfield code="2">ccl</subfield>
    <subfield code="c">BOOK</subfield>
  </datafield>
  <datafield tag="999" ind1=" " ind2=" ">
    <subfield code="c">7664</subfield>
    <subfield code="d">7664</subfield>
  </datafield>
  <datafield tag="952" ind1=" " ind2=" ">
    <subfield code="0">0</subfield>
    <subfield code="1">0</subfield>
    <subfield code="2">ccl</subfield>
    <subfield code="4">0</subfield>
    <subfield code="7">0</subfield>
    <subfield code="a">yeezen</subfield>
    <subfield code="b">yeezen</subfield>
    <subfield code="c">YEEZEN</subfield>
    <subfield code="d">2025-07-24</subfield>
    <subfield code="l">1</subfield>
    <subfield code="m">1</subfield>
    <subfield code="o">418.995</subfield>
    <subfield code="p">C03250</subfield>
    <subfield code="r">2025-12-12 00:00:00</subfield>
    <subfield code="s">2025-11-14</subfield>
    <subfield code="w">2025-07-24</subfield>
    <subfield code="y">BOOK</subfield>
    <subfield code="z">&#x53F0;&#x7063;&#x9996;&#x4F4D;&#x4E2D;&#x91AB;&#x535A;&#x58EB;&#x7684;&#x82B3;&#x7642;&#x5C08;&#x5BB6;&#x2014;&#x2014;&#x674E;&#x6DF3;&#x5EC9;&#x535A;&#x58EB;,&#x7E7C;&#x5168;&#x65B9;&#x4F4D;&#x4ECB;&#x7D39;&#x82B3;&#x7642;&#x77E5;&#x8B58;&#x7684;&#x300A;&#x505A;&#x81EA;&#x5DF1;&#x7684;&#x82B3;&#x7642;&#x5E2B;&#x300B;&#x5F8C;,&#x672C;&#x66F8;&#x9032;&#x4E00;&#x6B65;&#x5C07;&#x300C;&#x4E2D;&#x91AB;&#x300D;&#x8207;&#x300C;&#x82B3;&#x7642;&#x300D;&#x5169;&#x5927;&#x9AD4;&#x7CFB;,&#x6574;&#x5408;&#x70BA;&#x4E00;&#x672C;&#x7531;&#x6DFA;&#x5165;&#x6DF1;&#x3001;&#x6709;&#x7CFB;&#x7D71;&#x3001;&#x6709;&#x7406;&#x8AD6;&#x3001;&#x6709;&#x61C9;&#x7528;,&#x7FFB;&#x958B;&#x5C31;&#x80FD;&#x99AC;&#x4E0A;&#x4F7F;&#x7528;&#x7684;&#x7CBE;&#x6CB9;&#x904B;&#x7528;&#x5927;&#x5168;&#x3002;</subfield>
  </datafield>
</record>
